000 03129cam a22005774i 4500
003 PE-LiUPU
005 20250731173039.0
008 151119s2016 mou rb 001 0 eng
020 _a0801097762
_q(tapa dura)
020 _a9780801097768
_q(tapa dura)
035 _a(Sirsi) i9780801097768
035 _a(OCoLC)927382746
040 _aDLC
_bspa
_erda
_cDLC
_dYDX
_dYDXCP
_dBTCTA
_dBDX
_dOCLCF
_dKAT
_dLNT
_dXII
_dNZABT
_dOCLCQ
_dCHVBK
_dOCLCQ
_dOCLCO
_dOCLCA
_dPE-LiUPU
049 _aPRUA
050 0 0 _aBS2655.T57
_bK44 2016
082 0 0 _a227.06
_bK34
_223
100 1 _aKeener, Craig S.,
_d1960- ,
_eautor.
245 1 4 _aThe mind of the spirit :
_bPaul's approach to transformed thinking /
_cCraig S. Keener.
264 1 _aGrand Rapids, Michigan :
_bBaker Academic,
_c2016.
300 _axliii, 402 páginas ;
_c23 centímetros
336 _atext
_2rdacontent
337 _aunmediated
_2rdamedia
338 _avolume
_2rdacarrier
504 _aBibliografía : páginas 281-326.
505 0 _a1. The corrupted mind (Rom. 1:18-32) -- 2. The mind of faith (Rom. 6:11) -- 3. The mind of the flesh (Rom. 7:22-25) -- 4. The mind of the Spirit (Rom. 8:5-7) -- 5. A renewed mind (Rom. 12:1-3) -- 6. The mind of Christ (1 Cor. 2:15-16) -- 7. A Christlike mind (Phil. 2:1-5; 3:19-21; 4:6-8) -- 8. The heavenly mind (Col. 3:1-2) -- Conclusion.
520 _aThis work explores an important but neglected area of Pauline theology, Paul's teaching about the mind. In discussing matters such as the corrupted mind, the mind of Christ, and the renewal of the mind, Paul adapts language from popular intellectual thought in his day, but he does so in a way distinctively focused on Christ and Christ's role in the believer's transformation. Keener enables readers to understand this thought world so they can interpret Paul's language for contemporary Christian life. The book helps overcome a false separation between following the Spirit and using human judgment and provides a new foundation for relating biblical studies and Christian counseling.
526 _aSEG42
526 _aSEG41
526 _aSEG40
526 _aSEG39
526 _aP94
526 _aP87
526 _aP86
526 _aP85
526 _aP77
526 _aP76
526 _aP35
630 0 0 _aBiblia.
_pEpístolas de Pablo
_xTeología.
630 0 7 _aBible.
_pEpistles of Paul.
_2fast
_0(OCoLC)fst01808029
650 0 _aThought and thinking
_xBiblical teaching.
650 4 _aPensamiento y pensando
_xEnseñanza bíblica
650 7 _aTeología.
_2fast
_0(OCoLC)fst01149559
650 7 _aTheology.
_2fast
_0(OCoLC)fst01149559
910 _adbm
_bebj
_cebj
_d20171218
942 _2ddc
_cBOOK
949 _a227.06 K34
_wDEWEY
_c1
_i77575
_lCATALOGING
_mBUL
_p26.84
_r0
_sY
_tBOOK
_u2017-12-18
_xPOSGRADO
_PP85
_0DONACION
_o.STAFF. Colección Teología.
994 _aC0
_bPEPRU
596 _a1
999 _a227.06 K34
_wDEWEY
_c26248
_i77575
_f2021-11-9
_g4
_lCCODEBUL1
_mBUL
_p26.84
_r0
_sY
_tBOOK
_u2017-12-18
_xTEOLOGIA
_PP85
_0COMPRA
_o.STAFF. Colección Teología.
_d26248
980 _81
_gALBERTO SANCHEZ Responsable de Automatización